Racism of psychology (Record no. 625551)

MARC details
000 -LEADER
fixed length control field 00735nam a2200265Ia 4500
003 - CONTROL NUMBER IDENTIFIER
control field OSt
005 - DATE AND TIME OF LATEST TRANSACTION
control field 20220926013245.0
008 - FIXED-LENGTH DATA ELEMENTS--GENERAL INFORMATION
fixed length control field 220923b |||||||| |||| 00| 0 eng d
020 ## - INTERNATIONAL STANDARD BOOK NUMBER
International Standard Book Number 074501352X
037 ## - SOURCE OF ACQUISITION
Terms of availability General Book
040 ## - CATALOGING SOURCE
Original cataloging agency RTL
Transcribing agency RTL
Language of cataloging eng
041 ## - LANGUAGE CODE
Source of code eng
Language code of text/sound track or separate title eng
100 ## - MAIN ENTRY--PERSONAL NAME
Personal name Howitt Dennis
9 (RLIN) 89939
245 #0 - TITLE STATEMENT
Title Racism of psychology
Remainder of title Time for change
260 ## - PUBLICATION, DISTRIBUTION, ETC.
Place of publication, distribution, etc. New York
Name of publisher, distributor, etc. Harvester Wheatsheaf
Date of publication, distribution, etc. 1994
300 ## - PHYSICAL DESCRIPTION
Extent 218p
Dimensions cm.
500 ## - GENERAL NOTE
General note Bibliography: P 186-210
650 ## - SUBJECT ADDED ENTRY--TOPICAL TERM
Topical term or geographic name entry element Race
700 ## - ADDED ENTRY--PERSONAL NAME
Personal name Owusu-Bempah J
9 (RLIN) 318014
942 ## - ADDED ENTRY ELEMENTS (KOHA)
Classification part Y70aS, N4
Koha item type General Books
Source of classification or shelving scheme Colon Classification (CC)
Holdings
Withdrawn status Lost status Damaged status Not for loan Home library Current library Date acquired Total Checkouts Full call number Barcode Date last seen Price effective from Koha item type
        Ratan Tata Library Ratan Tata Library 2022-09-26   Y70aS N4 RT1133691 2022-09-26 2022-09-26 General Books
Copyright @ Delhi University Library System